00496 2200205 4500001002100000008004100021035002000062245005400082100001900136250000600155260003400161300001100195084001400206082000800220650001400228990001200242990001200254990001200266990001200278INLIS000000000000452 ind  a0010-0424000428 aPerjanjian - Perjanjian BersejarahcWahjudi Djaja aDjaja, Wahjudi a1 aKlaten :bCempaka Putihc2009 a68 hlm a900 WAH p a900 aNon Fiksi a0722608 a0722609 a0722610 a0722611